Registering the difference : reading literature through register

Αποθηκεύτηκε σε:
Λεπτομέρειες βιβλιογραφικής εγγραφής
Κύριος συγγραφέας: Butler, Lance St. John
Μορφή: Βιβλίο
Γλώσσα:English
Δημοσίευση: Manchester; New York : Manchester University Press, [1999]
Θέματα:
Ετικέτες: Προσθήκη ετικέτας
Δεν υπάρχουν, Καταχωρήστε ετικέτα πρώτοι!

MARC

LEADER 00000nam a2200000 i 4500
001 1/65779
008 071203s1999 eng d
020 |a 0-7190-5614-4 
035 |l 10092771 
040 |a GR-MY-UA  |b gre  |e aacr 
041 0 |a eng 
082 0 |a 820.9  |2 (22) 
100 1 |a Butler, Lance St. John. 
245 1 0 |a Registering the difference :  |b reading literature through register /  |c Lance St John Butler 
260 |a Manchester; New York :   |b Manchester University Press,   |c [1999] 
300 |a 215 σ.;  |c 20 εκ. 
504 |a Περιλαμβάνει βιβλιογραφίες και ευρετήριο 
600 1 0 |a Beckett, Samuel,   |d 1906-1989  |x Literary style. 
600 1 0 |a Hardy Thomas  |d 1840-1928  |x Literary style. 
650 0 0 |a Register (Linguistics) 
650 0 0 |a Discourse analysis, Literary. 
650 0 0 |a English language  |x Discourse analysis. 
650 0 0 |a English literature  |x History and criticism  |x Theory, etc. 
650 0 0 |a Style, Literary. 
852 |a INST  |b RHODES  |e 20071203  |h 820.9 BUT  |p 005400025175  |q 005400025175  |t BK  |y 0 
901 |a BIBL4-2007-3 
909 |a Ρ  |b 140467 
922 |a 4ΕΛΗ  |b 200711  |c ΕΠΕΑΕΚ2/ΤΜΣ  |d ΕΛΕΥΘΕΡΟΥΔΑΚΗΣ 
970 |a ΧΑΡΙΟΠΟΛΙΤΟΥ  |b ΚΩΝΣΤΑΝΤΙΝΑ  |z 2007/12/03